[Event "April 9 Early 2024"]
[Site "Chess.com"]
[Date "2024.04.09"]
[Round "7"]
[White "Banerjee, Supratit"]
[Black "Garcia Molina, Jose"]
[Result "0-1"]
[Board "136"]
[WhiteFideId "2410079"]
[BlackFideId "32030592"]
[WhiteTitle "CM"]
[BlackTitle "FM"]
[WhiteElo "2561"]
[BlackElo "2397"]
[WhiteTeam "ENG"]
[BlackTeam "ESP"]
[WhiteClock "0:00:29"]
[BlackClock "0:00:29"]
[Variant "Standard"]

1. d4 {[%clk 0:03:00]}  d5 {[%clk 0:02:57]} 2. Nf3 {[%clk 0:03:00]}  Nf6 {[%clk 0:02:55]} 3. c4 {[%clk 0:02:59]}  c6 {[%clk 0:02:55]} 4. e3 {[%clk 0:02:58]}  e6 {[%clk 0:02:54]} 5. Nc3 {[%clk 0:02:59]}  Bd6 {[%clk 0:02:54]} 6. Bd3 {[%clk 0:02:58]}  O-O {[%clk 0:02:54]} 7. O-O {[%clk 0:02:58]}  b6 {[%clk 0:02:54]} 8. Re1 {[%clk 0:02:57]}  Bb7 {[%clk 0:02:53]} 9. Qc2 {[%clk 0:02:56]}  Nbd7 {[%clk 0:02:46]} 10. e4 {[%clk 0:02:50]}  dxe4 {[%clk 0:02:46]} 11. Nxe4 {[%clk 0:02:49]}  Nxe4 {[%clk 0:02:45]} 12. Bxe4 {[%clk 0:02:48]}  Nf6 {[%clk 0:02:45]} 13. Ne5 {[%clk 0:02:38]}  Nxe4 {[%clk 0:02:41]} 14. Qxe4 {[%clk 0:02:37]}  Qc7 {[%clk 0:02:40]} 15. c5 {[%clk 0:02:15]}  bxc5 {[%clk 0:02:33]} 16. dxc5 {[%clk 0:02:15]}  Bxe5 {[%clk 0:02:30]} 17. Qxe5 {[%clk 0:02:12]}  Qxe5 {[%clk 0:02:31]} 18. Rxe5 {[%clk 0:02:13]}  Ba6 {[%clk 0:02:31]} 19. Bf4 {[%clk 0:02:09]}  Bc4 {[%clk 0:02:30]} 20. Re3 {[%clk 0:02:04]}  Bd5 {[%clk 0:02:29]} 21. Bd6 {[%clk 0:02:04]}  Rfd8 {[%clk 0:02:27]} 22. h3 {[%clk 0:01:57]}  a5 {[%clk 0:02:26]} 23. a3 {[%clk 0:01:52]}  a4 {[%clk 0:02:26]} 24. Rd1 {[%clk 0:01:51]}  Rd7 {[%clk 0:02:24]} 25. Rd4 {[%clk 0:01:50]}  f6 {[%clk 0:02:20]} 26. f4 {[%clk 0:01:43]}  Kf7 {[%clk 0:02:14]} 27. g4 {[%clk 0:01:39]}  Ra5 {[%clk 0:02:06]} 28. Re2 {[%clk 0:01:30]}  Rb7 {[%clk 0:02:03]} 29. f5 {[%clk 0:01:12]}  e5 {[%clk 0:02:02]} 30. Rdd2 {[%clk 0:01:11]}  Rb3 {[%clk 0:01:55]} 31. Kh2 {[%clk 0:01:00]}  Ke8 {[%clk 0:01:54]} 32. g5 {[%clk 0:00:57]}  Rab5 {[%clk 0:01:45]} 33. h4 {[%clk 0:00:55]}  Rf3 {[%clk 0:01:41]} 34. Rf2 {[%clk 0:00:54]}  Rbb3 {[%clk 0:01:39]} 35. Rxf3 {[%clk 0:00:52]}  Rxf3 {[%clk 0:01:40]} 36. gxf6 {[%clk 0:00:51]}  gxf6 {[%clk 0:01:39]} 37. Rg2 {[%clk 0:00:51]}  Rxf5 {[%clk 0:01:35]} 38. Rg7 {[%clk 0:00:50]}  Rf2+ {[%clk 0:01:35]} 39. Kg1 {[%clk 0:00:49]}  Rxb2 {[%clk 0:01:33]} 40. Re7+ {[%clk 0:00:49]}  Kd8 {[%clk 0:01:33]} 41. Rxh7 {[%clk 0:00:48]}  Rg2+ {[%clk 0:01:22]} 42. Kf1 {[%clk 0:00:48]}  Rg3 {[%clk 0:01:22]} 43. h5 {[%clk 0:00:43]}  Rxa3 {[%clk 0:01:21]} 44. h6 {[%clk 0:00:41]}  Rh3 {[%clk 0:01:16]} 45. Ke1 {[%clk 0:00:32]}  a3 {[%clk 0:01:14]} 46. Ra7 {[%clk 0:00:24]}  a2 {[%clk 0:01:14]} 47. Be7+ {[%clk 0:00:15]}  Ke8 {[%clk 0:01:02]} 48. Bxf6 {[%clk 0:00:14]}  Rxh6 {[%clk 0:00:19]} 49. Bxe5 {[%clk 0:00:11]}  Re6 {[%clk 0:00:19]} 50. Kd2 {[%clk 0:00:11]}  Rxe5 {[%clk 0:00:19]} 51. Kc3 {[%clk 0:00:12]}  Re1 {[%clk 0:00:19]} 52. Kb2 {[%clk 0:00:12]}  a1=Q+ {[%clk 0:00:18]} 53. Rxa1 {[%clk 0:00:12]}  Rxa1 {[%clk 0:00:19]} 54. Kxa1 {[%clk 0:00:13]}  Kf7 {[%clk 0:00:20]} 55. Kb2 {[%clk 0:00:14]}  Kf6 {[%clk 0:00:20]} 56. Kc3 {[%clk 0:00:14]}  Ke5 {[%clk 0:00:21]} 57. Kb4 {[%clk 0:00:15]}  Kd4 {[%clk 0:00:21]} 58. Ka5 {[%clk 0:00:15]}  Kxc5 {[%clk 0:00:21]} 59. Ka4 {[%clk 0:00:16]}  Kc4 {[%clk 0:00:21]} 60. Ka3 {[%clk 0:00:17]}  Kc3 {[%clk 0:00:21]} 61. Ka4 {[%clk 0:00:17]}  c5 {[%clk 0:00:21]} 62. Kb5 {[%clk 0:00:18]}  c4 {[%clk 0:00:22]} 63. Kc5 {[%clk 0:00:18]}  Kb3 {[%clk 0:00:22]} 64. Kxd5 {[%clk 0:00:19]}  c3 {[%clk 0:00:22]} 65. Kd4 {[%clk 0:00:20]}  c2 {[%clk 0:00:23]} 66. Ke4 {[%clk 0:00:21]}  c1=Q {[%clk 0:00:23]} 67. Ke5 {[%clk 0:00:22]}  Qd2 {[%clk 0:00:24]} 68. Ke4 {[%clk 0:00:22]}  Kc3 {[%clk 0:00:23]} 69. Kf5 {[%clk 0:00:22]}  Qe3 {[%clk 0:00:24]} 70. Kf6 {[%clk 0:00:23]}  Qe4 {[%clk 0:00:24]} 71. Kf7 {[%clk 0:00:24]}  Qe5 {[%clk 0:00:24]} 72. Kg6 {[%clk 0:00:24]}  Qf4 {[%clk 0:00:24]} 73. Kg7 {[%clk 0:00:25]}  Qf5 {[%clk 0:00:24]} 74. Kh6 {[%clk 0:00:25]}  Qg4 {[%clk 0:00:25]} 75. Kh7 {[%clk 0:00:26]}  Qg5 {[%clk 0:00:25]} 76. Kh8 {[%clk 0:00:26]}  Kd4 {[%clk 0:00:26]} 77. Kh7 {[%clk 0:00:27]}  Ke5 {[%clk 0:00:27]} 78. Kh8 {[%clk 0:00:28]}  Kf6 {[%clk 0:00:28]} 79. Kh7 {[%clk 0:00:28]}  Qg6+ {[%clk 0:00:28]} 80. Kh8 {[%clk 0:00:29]}  Qg7# {[%clk 0:00:29]} 0-1

[Event "April 9 Early 2024"]
[Site "Chess.com"]
[Date "2024.04.09"]
[Round "7"]
[White "Bournel, Antoine"]
[Black "Smietanska, Wiktoria"]
[Result "1-0"]
[Board "137"]
[WhiteFideId "26093553"]
[BlackFideId "21869359"]
[WhiteTitle "IM"]
[BlackTitle "CM"]
[WhiteElo "2558"]
[BlackElo "2366"]
[WhiteTeam "FRA"]
[BlackTeam "POL"]
[WhiteClock "0:00:07"]
[BlackClock "0:00:00"]
[Variant "Standard"]

1. d4 {[%clk 0:03:00]}  Nf6 {[%clk 0:02:58]} 2. c4 {[%clk 0:03:00]}  g6 {[%clk 0:02:56]} 3. Nc3 {[%clk 0:02:59]}  Bg7 {[%clk 0:02:56]} 4. e4 {[%clk 0:03:00]}  d6 {[%clk 0:02:56]} 5. Nge2 {[%clk 0:02:55]}  O-O {[%clk 0:02:54]} 6. Bg5 {[%clk 0:02:52]}  c5 {[%clk 0:02:46]} 7. Qd2 {[%clk 0:02:46]}  cxd4 {[%clk 0:02:45]} 8. Nxd4 {[%clk 0:02:47]}  Nc6 {[%clk 0:02:44]} 9. Be2 {[%clk 0:02:41]}  Nxd4 {[%clk 0:02:19]} 10. Qxd4 {[%clk 0:02:42]}  h6 {[%clk 0:02:19]} 11. Bh4 {[%clk 0:02:27]}  Qa5 {[%clk 0:02:09]} 12. O-O {[%clk 0:02:16]}  Be6 {[%clk 0:01:34]} 13. Qd3 {[%clk 0:02:10]}  Rfe8 {[%clk 0:01:19]} 14. Rfc1 {[%clk 0:01:58]}  Nd7 {[%clk 0:01:14]} 15. Rab1 {[%clk 0:01:50]}  Ne5 {[%clk 0:01:14]} 16. Qe3 {[%clk 0:01:39]}  Bxc4 {[%clk 0:01:10]} 17. Bd1 {[%clk 0:00:50]}  Nd3 {[%clk 0:00:55]} 18. Rc2 {[%clk 0:00:49]}  Nb4 {[%clk 0:00:53]} 19. Rd2 {[%clk 0:00:46]}  Nc6 {[%clk 0:00:43]} 20. Nd5 {[%clk 0:00:41]}  Bxd5 {[%clk 0:00:33]} 21. exd5 {[%clk 0:00:41]}  Ne5 {[%clk 0:00:32]} 22. Bb3 {[%clk 0:00:34]}  Ng4 {[%clk 0:00:24]} 23. Qe2 {[%clk 0:00:31]}  Rac8 {[%clk 0:00:10]} 24. Rd3 {[%clk 0:00:21]}  Ne5 {[%clk 0:00:09]} 25. Re3 {[%clk 0:00:21]}  Qb4 {[%clk 0:00:07]} 26. Re4 {[%clk 0:00:18]}  Qc5 {[%clk 0:00:07]} 27. h3 {[%clk 0:00:18]}  f5 {[%clk 0:00:05]} 28. Ra4 {[%clk 0:00:17]}  a6 {[%clk 0:00:05]} 29. Bg3 {[%clk 0:00:17]}  g5 {[%clk 0:00:02]} 30. Bxe5 {[%clk 0:00:13]}  Bxe5 {[%clk 0:00:03]} 31. Qh5 {[%clk 0:00:12]}  Bg7 {[%clk 0:00:03]} 32. Qg6 {[%clk 0:00:10]}  f4 {[%clk 0:00:02]} 33. Re4 {[%clk 0:00:08]}  Qc7 {[%clk 0:00:02]} 34. Rbe1 {[%clk 0:00:07]}  Qd7 {[%clk 0:00:02]} 35. Re6 {[%clk 0:00:07]}  Kh8 {[%clk 0:00:00]} 36. Bc2 {[%clk 0:00:07]} 1-0

[Event "April 9 Early 2024"]
[Site "Chess.com"]
[Date "2024.04.09"]
[Round "7"]
[White "Ahmad, Khagan"]
[Black "Lai, Hong Jun"]
[Result "0-1"]
[Board "138"]
[WhiteFideId "13431552"]
[BlackFideId "5729165"]
[WhiteTitle "FM"]
[BlackTitle "CM"]
[WhiteElo "2557"]
[BlackElo "2357"]
[WhiteTeam "AZE"]
[BlackTeam "MAS"]
[WhiteClock "0:00:00"]
[BlackClock "0:00:07"]
[Variant "Standard"]

1. d4 {[%clk 0:03:00]}  d5 {[%clk 0:02:58]} 2. Nf3 {[%clk 0:03:00]}  Nf6 {[%clk 0:02:56]} 3. c4 {[%clk 0:02:59]}  c6 {[%clk 0:02:55]} 4. g3 {[%clk 0:02:57]}  Bg4 {[%clk 0:02:53]} 5. Bg2 {[%clk 0:02:52]}  Nbd7 {[%clk 0:02:53]} 6. O-O {[%clk 0:02:47]}  e6 {[%clk 0:02:53]} 7. b3 {[%clk 0:02:37]}  Be7 {[%clk 0:02:49]} 8. Bb2 {[%clk 0:02:27]}  O-O {[%clk 0:02:35]} 9. Nbd2 {[%clk 0:02:25]}  Rc8 {[%clk 0:02:23]} 10. h3 {[%clk 0:02:14]}  Bh5 {[%clk 0:01:52]} 11. Re1 {[%clk 0:02:06]}  Ne4 {[%clk 0:01:21]} 12. Nxe4 {[%clk 0:01:47]}  dxe4 {[%clk 0:01:21]} 13. Nd2 {[%clk 0:01:44]}  f5 {[%clk 0:01:12]} 14. Qc2 {[%clk 0:01:41]}  Bd6 {[%clk 0:01:05]} 15. e3 {[%clk 0:01:33]}  g5 {[%clk 0:00:54]} 16. a4 {[%clk 0:01:26]}  Bg6 {[%clk 0:00:46]} 17. Ba3 {[%clk 0:01:10]}  Bxa3 {[%clk 0:00:39]} 18. Rxa3 {[%clk 0:01:11]}  h5 {[%clk 0:00:39]} 19. f3 {[%clk 0:00:55]}  Qc7 {[%clk 0:00:37]} 20. fxe4 {[%clk 0:00:48]}  Qxg3 {[%clk 0:00:36]} 21. Raa1 {[%clk 0:00:49]}  f4 {[%clk 0:00:26]} 22. Nf1 {[%clk 0:00:43]}  Qh4 {[%clk 0:00:26]} 23. exf4 {[%clk 0:00:41]}  Rxf4 {[%clk 0:00:18]} 24. Qe2 {[%clk 0:00:37]}  Rcf8 {[%clk 0:00:18]} 25. Qe3 {[%clk 0:00:22]}  g4 {[%clk 0:00:18]} 26. Nh2 {[%clk 0:00:17]}  Rf2 {[%clk 0:00:09]} 27. Rf1 {[%clk 0:00:11]}  g3 {[%clk 0:00:09]} 28. e5 {[%clk 0:00:08]}  gxh2+ {[%clk 0:00:08]} 29. Kxh2 {[%clk 0:00:08]}  Qf4+ {[%clk 0:00:08]} 30. Qxf4 {[%clk 0:00:06]}  R8xf4 {[%clk 0:00:09]} 31. Rxf2 {[%clk 0:00:03]}  Rxf2 {[%clk 0:00:10]} 32. Rg1 {[%clk 0:00:02]}  Be4 {[%clk 0:00:09]} 33. Kg3 {[%clk 0:00:02]}  Rxg2+ {[%clk 0:00:09]} 34. Rxg2 {[%clk 0:00:02]}  Bxg2 {[%clk 0:00:10]} 35. Kxg2 {[%clk 0:00:03]}  Kf7 {[%clk 0:00:11]} 36. Kg3 {[%clk 0:00:04]}  Kg6 {[%clk 0:00:11]} 37. Kf4 {[%clk 0:00:05]}  a5 {[%clk 0:00:08]} 38. h4 {[%clk 0:00:03]}  Nf8 {[%clk 0:00:05]} 39. Ke4 {[%clk 0:00:03]}  Kf7 {[%clk 0:00:05]} 40. Kf4 {[%clk 0:00:03]}  Kg6 {[%clk 0:00:05]} 41. Ke4 {[%clk 0:00:04]}  b6 {[%clk 0:00:05]} 42. d5 {[%clk 0:00:02]}  cxd5+ {[%clk 0:00:05]} 43. cxd5 {[%clk 0:00:03]}  exd5+ {[%clk 0:00:06]} 44. Kxd5 {[%clk 0:00:04]}  Kf5 {[%clk 0:00:06]} 45. Kc6 {[%clk 0:00:04]}  Kg4 {[%clk 0:00:06]} 46. Kxb6 {[%clk 0:00:05]}  Kxh4 {[%clk 0:00:06]} 47. Kxa5 {[%clk 0:00:04]}  Kg5 {[%clk 0:00:07]} 48. b4 {[%clk 0:00:05]}  h4 {[%clk 0:00:07]} 49. b5 {[%clk 0:00:05]}  h3 {[%clk 0:00:08]} 50. b6 {[%clk 0:00:05]}  h2 {[%clk 0:00:08]} 51. b7 {[%clk 0:00:02]}  Nd7 {[%clk 0:00:09]} 52. e6 {[%clk 0:00:03]}  Nb8 {[%clk 0:00:09]} 53. e7 {[%clk 0:00:03]}  Nc6+ {[%clk 0:00:04]} 54. Kb6 {[%clk 0:00:03]}  Nxe7 {[%clk 0:00:03]} 55. b8=Q {[%clk 0:00:03]}  h1=Q {[%clk 0:00:03]} 56. Qe5+ {[%clk 0:00:04]}  Nf5 {[%clk 0:00:04]} 57. a5 {[%clk 0:00:02]}  Qb1+ {[%clk 0:00:04]} 58. Ka7 {[%clk 0:00:03]}  Qg1+ {[%clk 0:00:03]} 59. Kb7 {[%clk 0:00:03]}  Qg2+ {[%clk 0:00:03]} 60. Ka7 {[%clk 0:00:03]}  Qg1+ {[%clk 0:00:04]} 61. Kb7 {[%clk 0:00:03]}  Qg2+ {[%clk 0:00:04]} 62. Kc7 {[%clk 0:00:03]}  Qc2+ {[%clk 0:00:04]} 63. Kb6 {[%clk 0:00:03]}  Qb3+ {[%clk 0:00:05]} 64. Qb5 {[%clk 0:00:04]}  Qe6+ {[%clk 0:00:05]} 65. Qc6 {[%clk 0:00:04]}  Qb3+ {[%clk 0:00:06]} 66. Kc7 {[%clk 0:00:02]}  Qf7+ {[%clk 0:00:07]} 67. Qd7 {[%clk 0:00:02]}  Qc4+ {[%clk 0:00:07]} 68. Kb6 {[%clk 0:00:03]}  Qb4+ {[%clk 0:00:07]} 69. Qb5 {[%clk 0:00:03]}  Qd6+ {[%clk 0:00:07]} 70. Qc6 {[%clk 0:00:03]}  Qb8+ {[%clk 0:00:07]} 71. Kc5 {[%clk 0:00:03]}  Qa7+ {[%clk 0:00:07]} 72. Kb5 {[%clk 0:00:00]}  Nd4+ {[%clk 0:00:07]} 0-1

[Event "April 9 Early 2024"]
[Site "Chess.com"]
[Date "2024.04.09"]
[Round "7"]
[White "Belov, Alexei"]
[Black "Jimenez Almeida, Luis David"]
[Result "0-1"]
[Board "139"]
[WhiteFideId "4128206"]
[BlackFideId "22242244"]
[WhiteTitle "IM"]
[BlackTitle "FM"]
[WhiteElo "2548"]
[BlackElo "2555"]
[WhiteTeam "RUS"]
[BlackTeam "ESP"]
[WhiteClock "0:00:00"]
[BlackClock "0:00:06"]
[Variant "Standard"]

1. e4 {[%clk 0:03:00]}  g6 {[%clk 0:02:58]} 2. d4 {[%clk 0:03:00]}  Bg7 {[%clk 0:02:58]} 3. Nc3 {[%clk 0:03:00]}  d6 {[%clk 0:02:57]} 4. f4 {[%clk 0:03:00]}  a6 {[%clk 0:02:57]} 5. Nf3 {[%clk 0:03:00]}  b5 {[%clk 0:02:56]} 6. Bd3 {[%clk 0:03:00]}  Bb7 {[%clk 0:02:56]} 7. a4 {[%clk 0:03:00]}  b4 {[%clk 0:02:54]} 8. Ne2 {[%clk 0:03:00]}  e6 {[%clk 0:02:51]} 9. O-O {[%clk 0:02:57]}  Ne7 {[%clk 0:02:50]} 10. f5 {[%clk 0:02:46]}  c5 {[%clk 0:02:29]} 11. fxe6 {[%clk 0:02:36]}  fxe6 {[%clk 0:02:28]} 12. Ng5 {[%clk 0:02:36]}  Qd7 {[%clk 0:02:23]} 13. Rf7 {[%clk 0:02:30]}  Bh6 {[%clk 0:01:58]} 14. Rxh7 {[%clk 0:02:28]}  Rxh7 {[%clk 0:01:56]} 15. Nxh7 {[%clk 0:02:28]}  Bg7 {[%clk 0:01:54]} 16. Bh6 {[%clk 0:02:21]}  Nec6 {[%clk 0:01:19]} 17. dxc5 {[%clk 0:01:34]}  Bxb2 {[%clk 0:01:09]} 18. Qf1 {[%clk 0:01:32]}  Qxh7 {[%clk 0:01:02]} 19. Qf8+ {[%clk 0:01:28]}  Kd7 {[%clk 0:01:02]} 20. Qxd6+ {[%clk 0:01:28]}  Kc8 {[%clk 0:01:03]} 21. Bc4 {[%clk 0:01:28]}  Nd8 {[%clk 0:00:33]} 22. Rd1 {[%clk 0:01:21]}  Nbc6 {[%clk 0:00:29]} 23. Bf4 {[%clk 0:00:59]}  e5 {[%clk 0:00:30]} 24. Bg5 {[%clk 0:00:54]}  Qc7 {[%clk 0:00:22]} 25. Qf8 {[%clk 0:00:31]}  Nd4 {[%clk 0:00:17]} 26. Nxd4 {[%clk 0:00:21]}  Bxd4+ {[%clk 0:00:17]} 27. Rxd4 {[%clk 0:00:20]}  exd4 {[%clk 0:00:18]} 28. Be6+ {[%clk 0:00:20]}  Kb8 {[%clk 0:00:18]} 29. Bxd8 {[%clk 0:00:21]}  Ka7 {[%clk 0:00:17]} 30. Bxc7 {[%clk 0:00:16]}  Rxf8 {[%clk 0:00:17]} 31. Bd5 {[%clk 0:00:16]}  Bxd5 {[%clk 0:00:12]} 32. exd5 {[%clk 0:00:15]}  d3 {[%clk 0:00:12]} 33. cxd3 {[%clk 0:00:12]}  Rf5 {[%clk 0:00:11]} 34. Bb6+ {[%clk 0:00:04]}  Kb7 {[%clk 0:00:10]} 35. d6 {[%clk 0:00:04]}  b3 {[%clk 0:00:06]} 36. d7 {[%clk 0:00:03]}  Rd5 {[%clk 0:00:06]} 37. d8=Q {[%clk 0:00:01]}  Rxd8 {[%clk 0:00:06]} 38. Bxd8 {[%clk 0:00:00]}  b2 {[%clk 0:00:06]} 0-1

[Event "April 9 Early 2024"]
[Site "Chess.com"]
[Date "2024.04.09"]
[Round "7"]
[White "Essing, Arnold"]
[Black "Hernando Rodrigo, Julio Antonio"]
[Result "0-1"]
[Board "142"]
[WhiteFideId "4619862"]
[BlackFideId "2208350"]
[WhiteTitle "FM"]
[BlackTitle "IM"]
[WhiteElo "2330"]
[BlackElo "2549"]
[WhiteTeam "GER"]
[BlackTeam "ESP"]
[WhiteClock "0:00:02"]
[BlackClock "0:00:16"]
[Variant "Standard"]

1. d4 {[%clk 0:03:00]}  Nf6 {[%clk 0:02:59]} 2. Nf3 {[%clk 0:03:01]}  c5 {[%clk 0:02:59]} 3. d5 {[%clk 0:03:00]}  d6 {[%clk 0:02:59]} 4. c4 {[%clk 0:03:00]}  Na6 {[%clk 0:02:59]} 5. Nc3 {[%clk 0:03:00]}  g6 {[%clk 0:02:59]} 6. e4 {[%clk 0:03:00]}  Bg7 {[%clk 0:02:59]} 7. Bd3 {[%clk 0:02:57]}  O-O {[%clk 0:02:59]} 8. h3 {[%clk 0:02:57]}  Nc7 {[%clk 0:02:59]} 9. O-O {[%clk 0:02:57]}  e5 {[%clk 0:02:59]} 10. Ne1 {[%clk 0:02:48]}  a6 {[%clk 0:02:57]} 11. a4 {[%clk 0:02:43]}  Bd7 {[%clk 0:02:56]} 12. f4 {[%clk 0:02:43]}  exf4 {[%clk 0:02:54]} 13. Bxf4 {[%clk 0:02:43]}  Nh5 {[%clk 0:02:50]} 14. Bh2 {[%clk 0:02:42]}  Be8 {[%clk 0:02:46]} 15. Nf3 {[%clk 0:02:37]}  Rb8 {[%clk 0:02:45]} 16. e5 {[%clk 0:02:21]}  dxe5 {[%clk 0:02:44]} 17. Nxe5 {[%clk 0:02:22]}  b5 {[%clk 0:02:39]} 18. axb5 {[%clk 0:02:21]}  axb5 {[%clk 0:02:39]} 19. Ra7 {[%clk 0:01:48]}  bxc4 {[%clk 0:02:24]} 20. Nc6 {[%clk 0:01:40]}  Bxc6 {[%clk 0:02:22]} 21. Bxc7 {[%clk 0:01:40]}  Qc8 {[%clk 0:02:10]} 22. dxc6 {[%clk 0:01:27]}  cxd3 {[%clk 0:02:07]} 23. Bxb8 {[%clk 0:01:25]}  Qxb8 {[%clk 0:02:05]} 24. Rb7 {[%clk 0:01:24]}  Qd6 {[%clk 0:02:02]} 25. Rd7 {[%clk 0:01:21]}  Bd4+ {[%clk 0:01:57]} 26. Rf2 {[%clk 0:01:10]}  Bxf2+ {[%clk 0:01:35]} 27. Kxf2 {[%clk 0:01:08]}  Qxc6 {[%clk 0:01:35]} 28. Qxd3 {[%clk 0:01:01]}  c4 {[%clk 0:01:33]} 29. Qd5 {[%clk 0:00:56]}  Qb6+ {[%clk 0:01:31]} 30. Kf3 {[%clk 0:00:54]}  Nf6 {[%clk 0:01:23]} 31. Qd4 {[%clk 0:00:50]}  Nxd7 {[%clk 0:01:22]} 32. Qxd7 {[%clk 0:00:47]}  Qxb2 {[%clk 0:01:20]} 33. Nd5 {[%clk 0:00:46]}  Qb3+ {[%clk 0:00:57]} 34. Kg4 {[%clk 0:00:42]}  Qd1+ {[%clk 0:00:54]} 35. Kg3 {[%clk 0:00:40]}  Qe1+ {[%clk 0:00:50]} 36. Kh2 {[%clk 0:00:38]}  Qe5+ {[%clk 0:00:50]} 37. Kg1 {[%clk 0:00:37]}  Rb8 {[%clk 0:00:45]} 38. Qc6 {[%clk 0:00:26]}  Rb1+ {[%clk 0:00:43]} 39. Kf2 {[%clk 0:00:27]}  Rb2+ {[%clk 0:00:40]} 40. Kf3 {[%clk 0:00:25]}  Rb3+ {[%clk 0:00:38]} 41. Kf2 {[%clk 0:00:21]}  Qd4+ {[%clk 0:00:38]} 42. Ke2 {[%clk 0:00:19]}  Rb2+ {[%clk 0:00:33]} 43. Kf3 {[%clk 0:00:20]}  Rf2+ {[%clk 0:00:32]} 44. Kg3 {[%clk 0:00:20]}  Rd2 {[%clk 0:00:26]} 45. Nf6+ {[%clk 0:00:18]}  Kg7 {[%clk 0:00:26]} 46. Ne8+ {[%clk 0:00:18]}  Kf8 {[%clk 0:00:26]} 47. Qc8 {[%clk 0:00:09]}  Rd3+ {[%clk 0:00:22]} 48. Kh2 {[%clk 0:00:07]}  Qe5+ {[%clk 0:00:21]} 49. Kg1 {[%clk 0:00:06]}  Qe3+ {[%clk 0:00:17]} 50. Kh2 {[%clk 0:00:06]}  Qf4+ {[%clk 0:00:16]} 51. Kg1 {[%clk 0:00:02]} 0-1

[Event "April 9 Early 2024"]
[Site "Chess.com"]
[Date "2024.04.09"]
[Round "7"]
[White "Palacio,Igor Da Paz"]
[Black "Osmonbekov, Talaibek"]
[Result "0-1"]
[Board "144"]
[WhiteFideId "2121140"]
[BlackFideId "2017253"]
[WhiteElo "2328"]
[BlackElo "2353"]
[WhiteTeam "BRA"]
[BlackTeam "USA"]
[WhiteClock "0:00:23"]
[BlackClock "0:01:50"]
[Variant "Standard"]

1. e4 {[%clk 0:03:00]}  c5 {[%clk 0:03:00]} 2. Nc3 {[%clk 0:03:00]}  Nc6 {[%clk 0:02:59]} 3. g3 {[%clk 0:03:00]}  g6 {[%clk 0:02:58]} 4. d3 {[%clk 0:03:00]}  Bg7 {[%clk 0:02:58]} 5. Bg2 {[%clk 0:03:01]}  d6 {[%clk 0:02:59]} 6. f4 {[%clk 0:03:00]}  e6 {[%clk 0:02:59]} 7. Nf3 {[%clk 0:03:01]}  Nge7 {[%clk 0:03:00]} 8. O-O {[%clk 0:03:00]}  O-O {[%clk 0:03:00]} 9. Be3 {[%clk 0:02:59]}  Rb8 {[%clk 0:03:00]} 10. Rb1 {[%clk 0:02:59]}  b5 {[%clk 0:03:00]} 11. a3 {[%clk 0:02:59]}  a5 {[%clk 0:02:58]} 12. h3 {[%clk 0:02:55]}  b4 {[%clk 0:02:57]} 13. axb4 {[%clk 0:02:56]}  axb4 {[%clk 0:02:57]} 14. Ne2 {[%clk 0:02:56]}  Ra8 {[%clk 0:02:41]} 15. h4 {[%clk 0:02:40]}  Ra2 {[%clk 0:02:30]} 16. c3 {[%clk 0:01:47]}  Qa5 {[%clk 0:02:20]} 17. d4 {[%clk 0:01:42]}  Ba6 {[%clk 0:02:11]} 18. Rf2 {[%clk 0:01:37]}  Rb8 {[%clk 0:01:59]} 19. Nc1 {[%clk 0:01:32]}  Ra1 {[%clk 0:01:53]} 20. Nb3 {[%clk 0:01:31]}  Rxb1 {[%clk 0:01:53]} 21. Qxb1 {[%clk 0:01:30]}  Qa4 {[%clk 0:01:51]} 22. Qa1 {[%clk 0:01:22]}  Qxa1+ {[%clk 0:01:49]} 23. Nxa1 {[%clk 0:00:23]}  bxc3 {[%clk 0:01:50]} 0-1

[Event "April 9 Early 2024"]
[Site "Chess.com"]
[Date "2024.04.09"]
[Round "7"]
[White "Grot, Blazej"]
[Black "Zhizmer, Yuri"]
[Result "1-0"]
[Board "147"]
[WhiteFideId "21835845"]
[BlackFideId "14108852"]
[WhiteTitle "CM"]
[BlackTitle "IM"]
[WhiteElo "2439"]
[BlackElo "2641"]
[WhiteTeam "POL"]
[BlackTeam "ISR"]
[WhiteClock "0:01:55"]
[BlackClock "0:02:28"]
[Variant "Standard"]

1. e4 {[%clk 0:03:00]}  c6 {[%clk 0:02:58]} 2. d4 {[%clk 0:02:57]}  d5 {[%clk 0:02:59]} 3. Nd2 {[%clk 0:02:57]}  dxe4 {[%clk 0:02:59]} 4. Nxe4 {[%clk 0:02:58]}  Nf6 {[%clk 0:02:59]} 5. Nxf6+ {[%clk 0:02:58]}  exf6 {[%clk 0:03:00]} 6. c3 {[%clk 0:02:57]}  Bd6 {[%clk 0:03:00]} 7. Bd3 {[%clk 0:02:57]}  Be6 {[%clk 0:03:00]} 8. Ne2 {[%clk 0:02:58]}  Nd7 {[%clk 0:03:00]} 9. O-O {[%clk 0:02:58]}  Nf8 {[%clk 0:03:00]} 10. Bf4 {[%clk 0:02:56]}  Qc7 {[%clk 0:03:00]} 11. Bxd6 {[%clk 0:02:55]}  Qxd6 {[%clk 0:03:01]} 12. Qd2 {[%clk 0:02:55]}  Ng6 {[%clk 0:03:01]} 13. Ng3 {[%clk 0:02:54]}  O-O {[%clk 0:03:00]} 14. Rae1 {[%clk 0:02:52]}  Rfe8 {[%clk 0:03:00]} 15. Re3 {[%clk 0:02:52]}  Bxa2 {[%clk 0:02:58]} 16. Nf5 {[%clk 0:02:43]}  Qd7 {[%clk 0:02:56]} 17. c4 {[%clk 0:02:22]}  Bxc4 {[%clk 0:02:54]} 18. Nh6+ {[%clk 0:02:13]}  gxh6 {[%clk 0:02:52]} 19. Bxc4 {[%clk 0:02:13]}  Rad8 {[%clk 0:02:49]} 20. Rd3 {[%clk 0:02:01]}  Kg7 {[%clk 0:02:48]} 21. Rh3 {[%clk 0:01:57]}  Qxd4 {[%clk 0:02:28]} 22. Qxh6+ {[%clk 0:01:55]}  Kg8 {[%clk 0:02:28]} 23. Qxh7+ {[%clk 0:01:55]}  Kf8 {[%clk 0:02:28]} 24. Qxf7# {[%clk 0:01:55]} 1-0